නුවණ ලැබීමට මුල් වන දේඃ චතුරාර්ය සත්යාවබෝධයට ධර්ම දේශනා (Record no. 6652)
[ view plain ]
| 000 -LEADER | |
|---|---|
| fixed length control field | 00748nam a2200169Ia 4500 |
| 008 - FIXED-LENGTH DATA ELEMENTS--GENERAL INFORMATION | |
| fixed length control field | 180921t2017 xxu||||| |||| 00| 0 sin d |
| 041 ## - LANGUAGE CODE | |
| Language code of text/sound track or separate title | sin |
| 080 ## - UNIVERSAL DECIMAL CLASSIFICATION NUMBER | |
| Universal Decimal Classification number | 294.3 ඤ |
| Item number | ඤාණාන |
| 003 - CONTROL NUMBER IDENTIFIER | |
| control field | LK-CoDNM |
| 040 ## - CATALOGING SOURCE | |
| Original cataloging agency | LK-CoDNM |
| Modifying agency | LK-CoDNM |
| Description conventions | LK-CoDNM |
| 100 ## - MAIN ENTRY--PERSONAL NAME | |
| Personal name | ඤාණානන්ද හිමි, කිරිබත්ගොඩ |
| 245 ## - TITLE STATEMENT | |
| Title | නුවණ ලැබීමට මුල් වන දේඃ චතුරාර්ය සත්යාවබෝධයට ධර්ම දේශනා |
| 246 ## - VARYING FORM OF TITLE | |
| Title proper/short title | Nuwana labimata mulwana de: chathurarya sathyawabodayata dharma deshana |
| 260 ## - PUBLICATION, DISTRIBUTION, ETC. | |
| Name of publisher, distributor, etc. | මහාමේඝ ප්රකාශකයෝ |
| Place of publication, distribution, etc. | පොල්ගස්ඕවිට |
| Date of publication, distribution, etc. | 2017 |
| 300 ## - PHYSICAL DESCRIPTION | |
| Other physical details | පි.98, සෙ.මි.21 |
| 942 ## - ADDED ENTRY ELEMENTS (KOHA) | |
| Koha item type | Books |
| Withdrawn status | Lost status | Damaged status | Not for loan | Collection | Home library | Current library | Date acquired | Full call number | Barcode | Date last seen | Price effective from | Koha item type |
|---|---|---|---|---|---|---|---|---|---|---|---|---|
| Monographs | Library National Museum Colombo - Sri Lanka | Library National Museum Colombo - Sri Lanka | 2021-08-11 | 294.3 ඤාණාන | P42780 | 2023-06-01 | 2023-06-01 | Books |


